[Event "HUN-chT2"]
[Site "Hungary"]
[Date "1996.??.??"]
[Round "?"]
[White "Maraczi, Erno"]
[Black "Fenyvessy, Georgy"]
[Result "1/2-1/2"]
[WhiteElo "2115"]
[BlackElo "1900"]
[PlyCount "77"]
[EventDate "1996.??.??"]
[EventType "team"]
[EventRounds "13"]
[EventCountry "HUN"]
[SourceTitle "EXT 2006"]
[Source "ChessBase"]
[SourceDate "2005.11.24"]
[SourceVersion "1"]
[SourceVersionDate "2005.11.24"]
[SourceQuality "1"]

1. d4 g6 2. h4 h5 3. Nc3 d5 4. Nh3 Bxh3 5. Rxh3 Bg7 6. Bf4 c6 7. b4 Qb6 8. Rd3 Nd7 9. a4 e5 10. Bxe5 Nxe5 11. dxe5 Nh6 12. Rb1 Ng4 13. e3 Nxe5 14. Rd4 0-0 15. a5 Qd8 16. g3 Ng4 17. Rd3 Bxc3+ 18. Rxc3 Qf6 19. Qd2 Nxf2 20. Bg2 Rfe8 21. Ra3 Ne4 22. Bxe4 Rxe4 23. Qf2 Qe5 24. Rd3 Rg4 25. e4 Rxe4+ 26. Kf1 Re8 27. Rd2 Re3 28. Rb3 Re1+ 29. Kg2 Qe4+ 30. Rf3 f5 31. c3 Re3 32. Rd4 Rxf3 33. Qxf3 Qc2+ 34. Kf1 Qc1+ 35. Rd1 Qe3 36. Qxe3 Rxe3 37. c4 Rxg3 38. cxd5 cxd5 39. Rxd5 1/2-1/2